Normal view
MARC view
- Dr. Muhammad Younas Javed
Entry Personal Name
001 - CONTROL NUMBER
- control field: 31579
003 - CONTROL NUMBER IDENTIFIER
- control field: NUST
005 - DATE AND TIME OF LATEST TRANSACTION
- control field: 20201015110703.0
008 - FIXED-LENGTH DATA ELEMENTS
- fixed length control field: 201015|| aca||aabn | a|a d
040 ## - CATALOGING SOURCE
- Original cataloging agency: NUST
- Transcribing agency: NUST
100 ## - HEADING--PERSONAL NAME
- Personal name: Dr. Muhammad Younas Javed
670 ## - SOURCE DATA FOUND
- Source citation: Work cat.: (NUST): Ayyaz, Sundas 31578, Sentence Extraction Based Automatic Text Summarization using an Optimized Fuzzy Model /, 2012.
